| 000 | 01170cam a2200289 a 4500 | ||
|---|---|---|---|
| 999 |
_c219507 _d219507 |
||
| 001 | 12337546 | ||
| 003 | Nust | ||
| 005 | 20170210161441.0 | ||
| 008 | 010307s2001 nyu 000 1 eng | ||
| 010 | _a 2001030578 | ||
| 020 | _a9780141034157 | ||
| 040 |
_aDLC _cDLC _dDLC |
||
| 043 | _ae-uk-en | ||
| 050 | 0 | 0 |
_aPR6056.R456 _bR44 2001 |
| 082 | 0 | 0 |
_a823.914 _bFRE |
| 100 | 1 | _aFrench, Nicci. | |
| 245 | 1 | 4 |
_aThe red room / _cNicci French. |
| 260 |
_aNew York : _bMysterious Press, _c2001. |
||
| 300 |
_a417 p. ; _c24 cm. |
||
| 650 | 0 |
_aPolice psychologists _vFiction. |
|
| 650 | 0 |
_aWomen psychologists _vFiction. |
|
| 650 | 0 |
_aRunaway teenagers _vFiction. |
|
| 651 | 0 |
_aEngland _vFiction. |
|
| 655 | 7 |
_aPsychological fiction. _2lcsh |
|
| 655 | 7 |
_aMystery fiction. _2gsafd |
|
| 906 |
_a7 _bcbc _corignew _d1 _eocip _f20 _gy-gencatlg |
||
| 942 |
_2ddc _cBK |
||